000 00399cam a22001457a 4500
008 180718b1995 xxu||||| |||| 00| 0 eng d
020 _a0749414413
082 _aK45 F535
100 _aFisher, Martin
245 _aPerformance appraisals
_cby Martin Fisher
260 _aLondon
_bKogan Page
_c1995
300 _a224p.
440 _aThe Sunday times business skills
650 _aEmployees - Rating of
999 _c377427
_d377427